| 000 | 00950nam a2200277 i 4500 | ||
|---|---|---|---|
| 001 | 99639 | ||
| 003 | ES-MaACL | ||
| 005 | 20250728092619.0 | ||
| 007 | t| | ||
| 008 | 050914s1965 sp ||||1| spa d | ||
| 080 | _a330.85(460)"1936/39" | ||
| 080 | _a94(460)"1936/39" | ||
| 100 | 1 |
_aMartínez Bande, José Manuel. _977883 |
|
| 245 | 1 | 3 |
_aLa intervención comunista en la guerra de España (1936-1939) / _cpor José Manuel Martínez Bande. |
| 260 |
_aMadrid : _bServicio Informativo Español, _c1965. |
||
| 300 |
_a165 p., 12 lám. ; _c22 cm. |
||
| 490 | 1 |
_aDocumentos históricos ; _v4 |
|
| 650 | 0 | 4 |
_aComunismo- _zEspaña- _y1931-1939. _911218 |
| 651 | 4 |
_aEspaña- _xHistoria- _y1936-1939, Guerra civil- _xParticipación rusa. _98322 |
|
| 830 | 1 | 0 |
_aDocumentos históricos _v4 _9183347 |
| 852 |
_aES-MaACL _jC-28625 |
||
| 852 |
_aES-MaACL _jC-29610 |
||
| 852 |
_aES-MaACL _jC-30306 |
||
| 852 |
_aES-MaACL _jC-29611 |
||
| 999 |
_c99639 _d99639 |
||